000 01272cam a2200193 4500
001 WB4023-03
008 040617n2004 000 0 eng u
035 _a(Sirsi) u126501
245 _aCABE conflicts of interest report published
260 _c2004
490 _aDCMS News Release
_v(076/04) 17 June 2004 (3)
520 _aAn independent report into conflicts of interest at CABE has been published. It found that CABE has developed a significant reputation and has taken reasonable steps to ensure it complies with Nolan principles. The DCMS and CABE have accepted the recommendations which include a review of the make-up of the CABE Board by DCMS to ensure a balance of experts, the Audit Committee to formally consider CABE's register interests twice a year and induction and training for Commissioners to be strengthened to ensure the Nolan principles are understood. The report is available on the DCMS website http://www.culture.gov.uk. http://www.culture.gov.uk/global/press_notices/arc hive_2004/dcms076_04.htm?month=June&properties=arc hive%5F2004%2C%2Fglobal%2Fpress%5Fnotices%2Farchiv e%5F2004%2F%2C
590 _aWB
590 _aWB
650 _aCONFLICTS OF INTEREST
650 _aNOLAN REPORT
690 _aBUILDING CONSERVATION
942 _n0
999 _c117536
_d117536